<?xml version="1.0" encoding="UTF-8"?>
<collection xmlns="http://www.loc.gov/MARC21/slim">
 <record>
  <leader>01632pam a22003858a 4500</leader>
  <controlfield tag="001">00032911</controlfield>
  <controlfield tag="005">20171026081025.0</controlfield>
  <controlfield tag="008">141219s2002                  ||||||engsd</controlfield>
  <datafield tag="020" ind1="#" ind2="#">
   <subfield code="c">39000</subfield>
   <subfield code="a">0764174355</subfield>
  </datafield>
  <datafield tag="041" ind1="0" ind2="#">
   <subfield code="a">eng-vie</subfield>
  </datafield>
  <datafield tag="082" ind1="1" ind2="4">
   <subfield code="a">428</subfield>
   <subfield code="b">P109T</subfield>
  </datafield>
  <datafield tag="100" ind1="1" ind2="#">
   <subfield code="a">Sharpe, Pamela J.</subfield>
  </datafield>
  <datafield tag="245" ind1="1" ind2="0">
   <subfield code="a">Pass to the TOEFL</subfield>
   <subfield code="c">Pamela J. Sharpe;Lê Hiền Thảo, Nguyễn Văn Phước, Ban biên dịch First News (chú giải)</subfield>
   <subfield code="b">Test of English as a foreign language</subfield>
  </datafield>
  <datafield tag="250" ind1="#" ind2="#">
   <subfield code="a">4th ed.</subfield>
  </datafield>
  <datafield tag="260" ind1="#" ind2="#">
   <subfield code="a">T.P. Hồ Chí Minh</subfield>
   <subfield code="b">Trẻ; Công ty Văn hóa Sáng tạo Trí Việt</subfield>
   <subfield code="c">2002</subfield>
  </datafield>
  <datafield tag="300" ind1="#" ind2="#">
   <subfield code="a">xiv,474 tr.</subfield>
   <subfield code="c">21 cm.</subfield>
  </datafield>
  <datafield tag="490" ind1="#" ind2="#">
   <subfield code="a">Barron's Educational series</subfield>
  </datafield>
  <datafield tag="500" ind1="#" ind2="#">
   <subfield code="a">ĐTTS ghi: Chương trình luyện thi TOEFL</subfield>
  </datafield>
  <datafield tag="653" ind1="#" ind2="#">
   <subfield code="a">Bài kiểm tra</subfield>
  </datafield>
  <datafield tag="653" ind1="#" ind2="#">
   <subfield code="a">Ngôn ngữ</subfield>
  </datafield>
  <datafield tag="653" ind1="#" ind2="#">
   <subfield code="a">Đáp án</subfield>
  </datafield>
  <datafield tag="653" ind1="#" ind2="#">
   <subfield code="a">Tiếng Anh</subfield>
  </datafield>
  <datafield tag="653" ind1="#" ind2="#">
   <subfield code="a">TOEFL</subfield>
  </datafield>
  <datafield tag="700" ind1="1" ind2="#">
   <subfield code="a">Lê, Hiền Thảo</subfield>
   <subfield code="e">Chú giải</subfield>
  </datafield>
  <datafield tag="700" ind1="1" ind2="#">
   <subfield code="a">Nguyễn, Văn Phước</subfield>
   <subfield code="e">Chú giải</subfield>
  </datafield>
  <datafield tag="710" ind1=" " ind2=" ">
   <subfield code="a">Ban biên dịch First News</subfield>
   <subfield code="b">Chú giải</subfield>
  </datafield>
  <datafield tag="852" ind1="#" ind2="#">
   <subfield code="b">Kho giáo trình</subfield>
   <subfield code="j">KGT.0048227, KGT.0048228, KGT.0048229, KGT.0048230, KGT.0048231, KGT.0048232, KGT.0048233, KGT.0048234, KGT.0048235, KGT.0048236, KGT.0048237</subfield>
  </datafield>
  <datafield tag="852" ind1="#" ind2="#">
   <subfield code="b">Kho mượn</subfield>
   <subfield code="j">KGT.0048227</subfield>
  </datafield>
  <datafield tag="852" ind1="#" ind2="#">
   <subfield code="j">KGT.0048229</subfield>
   <subfield code="j">KGT.0048230</subfield>
   <subfield code="j">KGT.0048232</subfield>
   <subfield code="j">KGT.0048233</subfield>
   <subfield code="j">KGT.0048235</subfield>
   <subfield code="j">KD.0016448</subfield>
   <subfield code="j">KGT.0048227</subfield>
   <subfield code="j">KGT.0048236</subfield>
   <subfield code="j">KGT.0048237</subfield>
   <subfield code="j">KGT.0048228</subfield>
   <subfield code="j">KGT.0048231</subfield>
   <subfield code="j">KGT.0048234</subfield>
  </datafield>
  <datafield tag="852" ind1="#" ind2="#">
   <subfield code="b">Kho đọc</subfield>
   <subfield code="j">KD.0016448</subfield>
  </datafield>
  <datafield tag="910" ind1="0" ind2="#">
   <subfield code="d">19/12/2014</subfield>
  </datafield>
  <datafield tag="980" ind1="#" ind2="#">
   <subfield code="a">Trung tâm Học liệu Lê Vũ Hùng, Trường Đại học Đồng Tháp</subfield>
  </datafield>
 </record>
</collection>
